[Event "AUT-chT2W 9798"]
[Site "Austria"]
[Date "1997.??.??"]
[Round "6"]
[White "Mittelberger, Peter"]
[Black "Hausner, Ivan"]
[Result "1/2-1/2"]
[WhiteElo "2225"]
[BlackElo "2410"]

1.e4 d6 2.d4 Nf6 3.Nc3 c6 4.Nf3 Bg4 5.Be2 e6 6.O-O Be7 7.Be3 d5 8.Nd2 Bxe2
9.Qxe2 dxe4 10.Ncxe4 Nbd7 11.c4 O-O 12.Rfd1 Nxe4 13.Nxe4 Nf6 14.Nc3 Re8 15.Rd3 Qa5
16.b3 b5 17.Qc2 bxc4 18.bxc4 Rab8 19.Rb1 Rxb1+ 20.Qxb1 Qa6 21.Qb3 Bd6 22.Qa4 Qxa4
23.Nxa4 Rb8 24.Rb3 Rb4 25.Rxb4 Bxb4  1/2-1/2

[Event "AUT-chT2W 9798"]
[Site "Austria"]
[Date "1997.??.??"]
[Round "6"]
[White "Kranewitter, Norbert"]
[Black "Mrsic, Robert"]
[Result "1-0"]
[WhiteElo "2250"]
[BlackElo "1960"]

1.e4 d6 2.d4 Nf6 3.Nc3 c6 4.Nf3 Bg4 5.Be2 Qc7 6.a4 e5 7.h3 Bxf3 8.Bxf3 Be7
9.O-O O-O 10.Ne2 a5 11.c3 Na6 12.Ng3 g6 13.Bg5 Ne8 14.Bh6 Ng7 15.Bg4 Bh4
16.Qd3 exd4 17.Qxd4 f6 18.Rad1 Rad8 19.Bf4 Qf7 20.Qb6 f5 21.Be2 fxe4 22.Bxd6 Rxd6
23.Rxd6 Qe7 24.Qd4 e3 25.Rd7 Qf6 26.Bc4+ Kh8 27.Qxf6  1-0

[Event "AUT-chT2W 9798"]
[Site "Austria"]
[Date "1997.??.??"]
[Round "6"]
[White "Bensch, Patrick"]
[Black "Mira, Helene"]
[Result "1-0"]
[WhiteElo "2225"]
[BlackElo "2225"]

1.e4 d6 2.d4 Nf6 3.Nc3 c6 4.f4 Qa5 5.Bd3 e5 6.Nf3 Nbd7 7.O-O exd4 8.Nxd4 Qb6
9.Be3 Qxb2 10.Ndb5 cxb5 11.Nxb5 Kd8 12.Qe1 d5 13.e5 Ne4 14.Rb1 Qxa2 15.Bxe4 dxe4
16.Qc3 Qd5 17.Nc7 Qc6 18.Qxc6 bxc6 19.Nxa8 Bc5 20.Bxc5 Nxc5 21.Rfd1+ Ke7
22.Nc7 Rd8 23.Ra1 Bb7 24.f5 Rc8 25.Ra5 Nd7 26.e6 Nb8 27.Rxa7 Rxc7 28.Rb1 fxe6
29.Rbxb7 Rxb7 30.Rxb7+ Nd7 31.fxe6 Kxe6 32.Kf2 g6 33.Ke3 h5 34.Kd4 Kd6 35.Ra7 Nf6
36.Rg7 c5+ 37.Kc4 Ng4 38.Rxg6+ Ke5 39.Rg5+ Kf4 40.Rxh5 Ne3+ 41.Kxc5 Nxc2
42.Kc4 Ne3+ 43.Kd4 Nxg2 44.Re5 e3 45.Re8 Kf3 46.Rf8+ Ke2 47.Ke4 Kd2 48.Rg8 Ne1
49.Rd8+ Ke2 50.Rh8 Nf3 51.h4 Nd2+ 52.Kf4 Nf3 53.h5 Kf2 54.Re8 e2 55.h6 Nh4
56.h7 Ng2+ 57.Kg5 Ne3 58.h8=Q e1=Q 59.Qh2+  1-0

[Event "SCO-ch"]
[Site "Aviemore"]
[Date "1997.??.??"]
[Round "1"]
[White "Buchanan, Walter F"]
[Black "Shaw, John"]
[Result "0-1"]
[WhiteElo "2160"]
[BlackElo "2390"]

1.e4 d6 2.d4 Nf6 3.Nc3 e5 4.dxe5 dxe5 5.Qxd8+ Kxd8 6.Bc4 Be6 7.Bxe6 fxe6
8.Bg5 Nc6 9.O-O-O+ Bd6 10.Nf3 Ke7 11.Bh4 Rhb8 12.Rhe1 b5 13.Bg3 h6 14.Kb1 a5
15.Ne2 Nh5 16.Nc1 Nxg3 17.hxg3 Nd8 18.Nd3 Nf7 19.Nd2 c6 20.c4 Rd8 21.c5 Bc7
22.Nf3 Bb8 23.Kc2 Kf6 24.b3 Ba7 25.a3 h5 26.b4 Bb8 27.bxa5 Rxa5 28.Nb4 Rc8
29.Kb3 Ra7 30.Rd3 Re7 31.Red1 Ba7 32.Na6 Bb8 33.Rd7 Bc7 34.Kb4 g5 35.Nxc7 Rxc7
36.Rxc7 Rxc7 37.Ka5 g4 38.Nh4 Ra7+ 39.Kb6 Rxa3 40.Kxc6 b4 41.Kb5 Ra2 42.Kxb4 Rxf2
43.c6 Rc2 44.Kb5 Ng5 45.Rf1+ Kg7 46.Re1 Nf7 47.Rd1 Ng5 48.Re1 Nf7 49.Kb6 Nd8
50.Kc7 Nxc6 51.Kd6 Nd8 52.Ke7 Rc8 53.Rd1 Nf7 54.Kxe6 Re8+ 55.Kf5 Ra8 56.Rd7 Ra6
57.Rb7 Rf6+  0-1

[Event "SCO-ch"]
[Site "Aviemore"]
[Date "1997.??.??"]
[Round "5"]
[White "Robertson, Ian C"]
[Black "Shaw, John"]
[Result "0-1"]
[WhiteElo "2210"]
[BlackElo "2390"]

1.e4 d6 2.d4 Nf6 3.Nc3 e5 4.Nf3 Nbd7 5.Bc4 Be7 6.dxe5 Nxe5 7.Bb3 Bg4 8.h3 Nxf3+
9.gxf3 Bh5 10.Qd3 Nd7 11.Qb5 Bxf3 12.Bxf7+ Kxf7 13.Qf5+ Bf6 14.Qxf3 Rf8 15.Be3 Kg8
16.Qe2 Nb6 17.O-O-O Bxc3 18.bxc3 Qe7 19.Rhg1 Rf7 20.Rg4 Qe6 21.Kb1 Nc4 22.Bc1 Re8
23.Rdg1 d5 24.f3 Qb6+ 25.Ka1 Qf6 26.Qd3 Ne5 27.Qxd5 Nxg4 28.Rxg4 c6 29.Qb3 Qe6
30.c4 b5 31.e5 Qxe5+ 32.Kb1 bxc4 33.Rxc4 Qb5 34.Rb4 Qd5 35.Qa4 Rd8 36.Rf4 Qb5+  0-1

[Event "Pfalz-chA"]
[Site "Bad Bergzabern"]
[Date "1997.??.??"]
[Round "?"]
[White "Nazarenus, Olaf"]
[Black "Lang, Torsten"]
[Result "0-1"]
[WhiteElo "2250"]
[BlackElo "2165"]

1.e4 d6 2.d4 Nf6 3.Nc3 c6 4.Be3 e5 5.f3 Be7 6.Nge2 O-O 7.g4 Bxg4 8.fxg4 Nxg4
9.Bg1 Bh4+ 10.Ng3 Qg5 11.Qd2 Qg6 12.Kd1 exd4 13.Qxd4 Bf6 14.Qd2 Nd7 15.Bd3 Nde5
16.Qf4 d5 17.Bc5 Rfd8 18.Ke2 d4 19.Nd1 b6 20.h3 bxc5 21.Ba6 Bg5 22.Qf1 Ne3
23.Nxe3 dxe3 24.Rd1 Rxd1 25.Kxd1 Rd8+  0-1

[Event "Wch Seniors"]
[Site "Bad Wildbad"]
[Date "1997.??.??"]
[Round "5"]
[White "Pook, Rainer"]
[Black "Goergen, Hans"]
[Result "1-0"]
[WhiteElo "1832"]
[BlackElo "1602"]

1.d4 d6 2.e4 Nf6 3.Nc3 c6 4.f4 Qa5 5.Bd2 Bg4 6.Be2 Bxe2 7.Qxe2 e5 8.Nd5 Qd8
9.Nxf6+ Qxf6 10.fxe5 dxe5 11.dxe5 Qe6 12.Nf3 Nd7 13.Rf1 Be7 14.Bc3 O-O 15.Nd4 Qg6
16.Nf5 Bc5 17.b4 Bb6 18.Ne7+  1-0

[Event "Wch Seniors"]
[Site "Bad Wildbad"]
[Date "1997.??.??"]
[Round "6"]
[White "Mani, Martin"]
[Black "Casteluzzo, Salvatore"]
[Result "1/2-1/2"]
[WhiteElo "1746"]
[BlackElo "2050"]

1.e4 d6 2.d4 Nf6 3.Nc3 c6 4.Nf3 Bg4 5.Be2 e6 6.h3 Bh5 7.Bg5 Be7 8.Qd2 Bg6
9.Bxf6 Bxf6 10.O-O-O Nd7 11.g4 Be7 12.h4 h6 13.h5 Bh7 14.Kb1 d5 15.Bd3 Bb4
16.exd5 Bxd3 17.Qxd3 cxd5 18.Qe3 Bxc3 19.Qxc3 Nf6 20.Ne5 O-O 21.f3 Rc8 22.Qe3 Nd7
23.f4 Nxe5 24.Qxe5 Qc7 25.c3 Qxe5 26.dxe5 Rc4 27.Rd4 Rxd4 28.cxd4 Rc8 29.Rc1 Rxc1+
30.Kxc1 f6 31.Kd2 Kf7 32.Ke3 fxe5 33.dxe5 g6 34.Kd4 gxh5 35.gxh5 Ke7 36.b4 b6
37.a4 Kd7  1/2-1/2

[Event "Wch Seniors"]
[Site "Bad Wildbad"]
[Date "1997.??.??"]
[Round "10"]
[White "Neri, Angelo"]
[Black "Felger, Karl"]
[Result "1-0"]
[WhiteElo "1911"]
[BlackElo "1775"]

1.e4 d6 2.d4 Nf6 3.Nc3 c6 4.f4 Qc7 5.Nf3 Bg4 6.Be2 Nbd7 7.h3 Bxf3 8.Bxf3 e5
9.Be3 a6 10.O-O Be7 11.Qe2 O-O 12.Kh1 b5 13.Rad1 b4 14.Na4 Rab8 15.b3 a5
16.g4 d5 17.dxe5 Nxe4 18.Bxe4 dxe4 19.Qc4 Rb5 20.Qxe4 Kh8 21.Qc4 Qb7 22.Rd2 Rd5
23.Rfd1 Rxd2 24.Rxd2 f5 25.g5 Rd8 26.Bc5 Re8 27.Qf7 Rg8 28.Qxe7 Qb5 29.Rd3 Nf8
30.Qd6 Ng6 31.Qd4 Qb7 32.Nb2 Qf7 33.Qf2 Ne7 34.Bxe7 Qxe7 35.Nc4 a4 36.Nd6 axb3
37.cxb3 Ra8 38.Rd2 Kg8 39.Qc5 g6 40.Qxc6 Rb8 41.Qd5+ Kg7 42.Qd4 Qc7 43.Nc4 Qb7+
44.Qd5 h6 45.e6 hxg5 46.fxg5 Qe7 47.Qe5+  1-0

[Event "Wch Seniors"]
[Site "Bad Wildbad"]
[Date "1997.??.??"]
[Round "10"]
[White "Aufmwasser, Guenter"]
[Black "Casteluzzo, Salvatore"]
[Result "0-1"]
[WhiteElo "1621"]
[BlackElo "2050"]

1.e4 d6 2.d4 Nf6 3.Nc3 c6 4.Nf3 Bg4 5.Bg5 Qa5 6.Qd2 Nbd7 7.Bd3 h6 8.Bh4 Qh5
9.Bg3 Bxf3 10.gxf3 Qxf3 11.O-O Qh5 12.f4 Qa5 13.b4 Qb6 14.Be2 e5 15.Bf2 Qc7
16.d5 Be7 17.f5 O-O 18.Be3 Kh7 19.Kh1 Rg8 20.h4 cxd5 21.exd5 Rae8 22.Bxh6 gxh6
23.Rf3 Rg7 24.Rc1 Reg8 25.Bd3 Qb6 26.Ne2 Rg4 27.Rh3 Qxb4 28.c3 Qc5  0-1

[Event "Bad Woerishofen op"]
[Site "Bad Woerishofen"]
[Date "1997.??.??"]
[Round "6"]
[White "Tischbierek, Raj"]
[Black "Deglmann, Ludwig"]
[Result "1-0"]
[WhiteElo "2490"]
[BlackElo "2245"]

1.e4 d6 2.d4 Nf6 3.Nc3 e5 4.Nf3 Nbd7 5.Bc4 Be7 6.O-O O-O 7.Re1 c6 8.a4 b6
9.b3 a6 10.Bb2 Qc7 11.Bd3 Bb7 12.Ne2 b5 13.Ng3 Rfe8 14.c4 bxc4 15.Bxc4 exd4
16.Bxd4 d5 17.exd5 cxd5 18.Bd3 Bb4 19.Rxe8+ Rxe8 20.Nf5 Rc8 21.h3 Qd8 22.Qe2 a5
23.Qe3 Qf8 24.Bb5 Bc6 25.Rc1 Bxb5 26.Rxc8 Qxc8 27.axb5 Bf8 28.Qg5 Kh8 29.Nh6 Qe8
30.b6 Qe6 31.Ng4 Nxg4 32.hxg4 Nxb6 33.Bxg7+  1-0

[Event "Oberliga Bayern9798"]
[Site "Bayern"]
[Date "1997.??.??"]
[Round "?"]
[White "Wiemer, Peter"]
[Black "Deglmann, Ludwig"]
[Result "0-1"]
[WhiteElo "2190"]
[BlackElo "2175"]

1.e4 d6 2.d4 Nf6 3.Nc3 e5 4.dxe5 dxe5 5.Qxd8+ Kxd8 6.Bg5 Nd7 7.Bc4 Ke8 8.f4 Bd6
9.Nf3 Ng4 10.fxe5 Ngxe5 11.Nxe5 Nxe5 12.Bb5+ c6 13.O-O-O Be7 14.Bxe7 Kxe7
15.Be2 Be6 16.Na4 b6 17.b3 Rhd8 18.Nb2 Rac8 19.Rxd8 Rxd8 20.Nd3 Nxd3+ 21.cxd3 a5
22.Kd2 Rd4 23.Ke3 c5 24.Rb1 Kd6 25.Kd2 Ke5 26.g3 Rd8 27.Kc3 b5 28.Ra1 Ra8
29.Bd1 g5 30.Bc2 h5 31.a3 g4 32.Rf1 Rh8 33.Bd1 b4+ 34.axb4 axb4+ 35.Kd2 Kd4
36.Bc2 h4 37.gxh4 Rxh4 38.Rf2 Rh8 39.Rg2 Ra8 40.Rg1 Ra3 41.Rb1 Ra2  0-1

[Event "Regionalliga SW9697"]
[Site "Bayern"]
[Date "1997.??.??"]
[Round "?"]
[White "Wiest, Franz"]
[Black "Schoenbauer, Max"]
[Result "0-1"]
[WhiteElo "2030"]
[BlackElo "2000"]

1.e4 d6 2.d4 Nf6 3.Nc3 c6 4.Nf3 Qa5 5.Bd3 Bg4 6.O-O e5 7.Be2 Nbd7 8.Be3 Be7
9.Qd2 a6 10.Rad1 Qc7 11.Ne1 Bxe2 12.Qxe2 b5 13.f3 O-O 14.Nd3 Rfe8 15.Qf2 Nf8
16.Kh1 Ne6 17.dxe5 dxe5 18.Nc5 Nxc5 19.Bxc5 a5 20.Rd3 a4 21.Rfd1 b4 22.Ne2 Qa5
23.Bxe7 Rxe7 24.Ng3 Ree8 25.Qd2 Qc5 26.Nf5 h6 27.g4 Nh7 28.h4 Nf8 29.Ne3 Ne6
30.Ng2 Nd4 31.c3 bxc3 32.bxc3 Ne6 33.Rd7 Rad8 34.Qb2 Rb8 35.Qc1 Qf2 36.Qe3 Qg3
37.R7d2 a3 38.Qf2 Qh3+ 39.Kg1 Rb2 40.Rxb2 axb2 41.Rb1 Rd8 42.Ne1 Nf4 43.Qh2 Qxh2+
44.Kxh2 Rd2+  0-1

[Event "Regionalliga NW9798"]
[Site "Bayern"]
[Date "1997.??.??"]
[Round "?"]
[White "Kassubek, Wolfgang"]
[Black "Neuberger, Dirk"]
[Result "1/2-1/2"]
[WhiteElo "1990"]
[BlackElo "2035"]

1.d4 d6 2.e4 Nf6 3.Nc3 c6 4.Nf3 Bg4 5.Be2 Nbd7 6.Bf4 Qa5 7.O-O e5 8.Bg3 Be7
9.dxe5 dxe5 10.h3 Bh5 11.Nh4 Bxe2 12.Qxe2 O-O 13.Nf5 Bb4 14.Nd1 Rfe8 15.f3 Nh5
16.Bh2 Bf8 17.Nf2 g6 18.Ne3 Rad8 19.Rfd1 Qc7 20.Rd2 Nc5 21.Rad1 Ne6 22.Rxd8 Rxd8
23.Rxd8 Nxd8 24.Neg4 f6 25.Qc4+ Qf7 26.Qxf7+ Kxf7 27.Nd3 Ne6 28.Kf1 a6 29.b3 Nd4
30.c3 Nb5 31.c4 Nd4 32.Bg1 Ne6 33.Be3  1/2-1/2

[Event "Regionalliga NW9798"]
[Site "Bayern"]
[Date "1997.??.??"]
[Round "?"]
[White "Hollfelder, Markus"]
[Black "Eber, Helmut"]
[Result "0-1"]
[WhiteElo "1840"]
[BlackElo "1780"]

1.e4 d6 2.d4 Nf6 3.Nc3 c6 4.Bf4 g6 5.Bc4 Bg7 6.Nge2 O-O 7.Bb3 Nbd7 8.Qd2 e5
9.dxe5 Nxe5 10.Rd1 Ne8 11.Bh6 Bh3 12.Bxg7 Kxg7 13.O-O Be6 14.f4 Ng4 15.Qd4+ Qf6
16.e5 dxe5 17.fxe5 Qe7 18.Bxe6 Qxe6 19.Nf4 Qxe5 20.Qxe5+ Nxe5 21.Rfe1 Ng4
22.Rd7 Kh6 23.Rxb7 Nd6 24.Rc7 Nc4 25.Nd3 Rfe8 26.Rxc6 Nxb2 27.Rf1 Nxd3 28.cxd3 f5
29.h3 Ne3 30.Re1 Rad8 31.Ra6 Rxd3 32.Nb5 Rb8 33.Nxa7 Rb2 34.Nc6 Rxg2+ 35.Kh1 f4
36.Rxe3 Rxa2 37.Rxa2 Rxe3 38.Kg2 Kh5 39.Nd4 Rg3+  0-1

[Event "Regionalliga SO9798"]
[Site "Bayern"]
[Date "1997.??.??"]
[Round "?"]
[White "Anka, Emil"]
[Black "Lautner, Josef"]
[Result "1-0"]
[WhiteElo "2400"]
[BlackElo "2170"]

1.e4 d6 2.d4 Nf6 3.Nc3 c6 4.f4 Qa5 5.Bd3 e5 6.Nf3 Bg4 7.Be3 Nbd7 8.O-O Be7
9.Kh1 h5 10.Qe1 Bxf3 11.Rxf3 h4 12.b4 Qc7 13.b5 Nh5 14.bxc6 bxc6 15.fxe5 dxe5
16.d5 Bb4 17.Nb5 cxb5 18.Qxb4 a6 19.Raf1 f6 20.Kg1 Rc8 21.a4 Nc5 22.axb5 a5
23.Qxc5 Qxc5 24.Bxc5 Rxc5 25.g3 Kd7 26.Ra1 Ra8 27.c4 hxg3 28.hxg3 Kc7 29.Be2 g6
30.Kg2 Kb6 31.Rf2 Rf8 32.Raf1 a4 33.Ra1 Ka5 34.Bf1 Kb4 35.Rfa2 Ra8 36.Rb1+ Kc3
37.Ra3+ Kc2 38.Bd3+ Kd2 39.Kf2 Ng7 40.Rb2+ Kc1 41.Re2  1-0

[Event "Regionalliga SW9697"]
[Site "Bayern"]
[Date "1997.??.??"]
[Round "?"]
[White "Bergmueller, Horst"]
[Black "Schmidt, Thomas"]
[Result "1-0"]
[WhiteElo "1815"]
[BlackElo "1715"]

1.e4 d6 2.d4 Nf6 3.Nc3 c6 4.f4 Qa5 5.Bd2 e5 6.Nd5 Qd8 7.Nxf6+ Qxf6 8.dxe5 dxe5
9.Nf3 Nd7 10.Bc4 Bc5 11.f5 h6 12.g4 b5 13.Bb3 a5 14.a3 a4 15.Ba2 Qd6 16.Bc3 Qe7
17.Qd2 Bb7 18.O-O-O O-O-O 19.Ba5 Nb6 20.Qc3 Rxd1+ 21.Rxd1 Nd7 22.Kb1 Re8
23.g5 hxg5 24.Nxg5 Qxg5 25.Bxf7 Re7 26.Be6 Bd4 27.Qb4 Kb8 28.Qd6+ Ka7 29.Bxd7 Qf6
30.Be6 g6 31.Bd8  1-0

[Event "Regionalliga SW9798"]
[Site "Bayern"]
[Date "1997.??.??"]
[Round "?"]
[White "Pruefer, Stefan"]
[Black "Wittal, Werner"]
[Result "1-0"]
[WhiteElo "1640"]
[BlackElo "1955"]

1.e4 d6 2.d4 Nf6 3.Nc3 c6 4.f4 Qa5 5.Bd3 Bg4 6.Nf3 e6 7.O-O Be7 8.Be3 O-O
9.Qd2 Bxf3 10.Rxf3 Ng4 11.Nd5 Qd8 12.Nxe7+ Qxe7 13.Rh3 Nxe3 14.Qxe3 e5 15.Rf1 Nd7
16.Qg3 Rac8 17.c3 Rfe8 18.fxe5 dxe5 19.Bc4 Nf6 20.Rh6 Kh8 21.Rfxf6 gxh6 22.Rxf7 Qg5
23.Qf3 exd4 24.cxd4 b5 25.h4 Qg6 26.Bd3 Qe6 27.e5 Re7 28.Rf8+ Kg7 29.Rxc8  1-0

[Event "BEL-chT9697"]
[Site "BEL"]
[Date "1997.??.??"]
[Round "10"]
[White "Schumacher, Helmut"]
[Black "Van de Plassche, Bas"]
[Result "0-1"]
[WhiteElo "2175"]
[BlackElo "2325"]

1.d4 Nf6 2.Nc3 d6 3.e4 Nbd7 4.g3 e5 5.Nge2 Be7 6.Bg2 O-O 7.h3 Re8 8.O-O Bf8
9.Re1 c6 10.a4 b6 11.Be3 a6 12.g4 h6 13.Ng3 Bb7 14.Qd2 b5 15.b3 b4 16.Nce2 exd4
17.Nxd4 d5 18.exd5 cxd5 19.g5 hxg5 20.Bxg5 Qc7 21.Bf4 Qb6 22.Be3 Ne4 23.Nxe4 dxe4
24.Ne2 Qc6 25.Rad1 Ne5 26.Bf4 Nf3+ 27.Bxf3 exf3 28.Ng3 Re2 29.Qd3 Qe6  0-1

[Event "BEL-chT9697"]
[Site "BEL"]
[Date "1997.??.??"]
[Round "10"]
[White "Le Quang, Kim"]
[Black "Van Houtte, Thierry"]
[Result "1/2-1/2"]
[WhiteElo "2235"]
[BlackElo "2215"]

1.e4 d6 2.d4 Nf6 3.Nc3 e5 4.dxe5 dxe5 5.Qxd8+ Kxd8 6.Bg5 Be6 7.O-O-O+ Nd7
8.Nge2 h6 9.Bh4 Bc5 10.f3 c6 11.Kb1 Kc7 12.Nc1  1/2-1/2

[Event "Bello Horizonte Centenario op"]
[Site "Bello Horizonte"]
[Date "1997.??.??"]
[Round "6"]
[White "Azevedo, Kelsen Rosas"]
[Black "Vieira, Oscar"]
[Result "1-0"]
[WhiteElo "2220"]
[BlackElo "2155"]

1.e4 d6 2.d4 Nf6 3.Nc3 Nbd7 4.g3 e5 5.Nge2 Be7 6.Bg2 c6 7.O-O Qc7 8.h3 Nf8
9.Be3 h6 10.f4 N8h7 11.fxe5 dxe5 12.d5 Bd7 13.Qd2 Ng5 14.Kh2 Bb4 15.Rad1 Ngxe4
16.Qd3 Bxc3 17.Nxc3 cxd5 18.Nxd5 Nxd5 19.Qxd5 Bc6 20.Qc4 b5 21.Qe2 O-O 22.Bxh6 Nxg3
23.Kxg3 Bxg2 24.Qxg2 gxh6 25.Kh2+ Kh8 26.Rf6 e4+ 27.Rdd6  1-0

[Event "Berliner Sommer"]
[Site "Berlin"]
[Date "1997.??.??"]
[Round "2"]
[White "Lieb, Harald"]
[Black "Karpatchev, Aleksandr"]
[Result "0-1"]
[WhiteElo "2245"]
[BlackElo "2520"]

1.d4 d6 2.e4 Nf6 3.Nc3 c6 4.f4 Qa5 5.Bd3 e5 6.Nf3 Bg4 7.dxe5 dxe5 8.fxe5 Nfd7
9.O-O Nxe5 10.Be2 Nxf3+ 11.Bxf3 Bxf3 12.Qxf3 Bc5+ 13.Kh1 O-O 14.Qg3 Bd4 15.Rf5 Qb6
16.Ne2 Nd7 17.Qd6 Be5 18.Rxe5 Nxe5 19.Qxe5 Qf2 20.Ng1 Rae8 21.Qc3 Rxe4 22.Qd2 Qf1
23.Qd3 Qxd3 24.cxd3 Re1 25.g3 Rd8 26.Kg2 Rxd3 27.Nf3 Re2+ 28.Kf1 Rc2 29.Nd2 Rdxd2
30.Bxd2 Rxd2 31.Re1 Kf8 32.Re2 Rxe2 33.Kxe2 Ke7 34.Kd3 Kd6 35.Kc4 f5  0-1

[Event "Berliner Sommer"]
[Site "Berlin"]
[Date "1997.??.??"]
[Round "4"]
[White "Kruszynski, Wlodzimierz"]
[Black "Eismont, Oleg"]
[Result "0-1"]
[WhiteElo "2360"]
[BlackElo "2455"]

1.e4 d6 2.d4 Nf6 3.Nc3 e5 4.Nf3 Nbd7 5.Bc4 Be7 6.O-O O-O 7.a4 c6 8.Ba2 Qc7
9.Re1 b6 10.d5 Bb7 11.dxc6 Bxc6 12.Bg5 a6 13.Qe2 b5 14.axb5 axb5 15.Nxb5 Qb7
16.Nc3 Qxb2 17.Qc4 Qb7 18.Reb1 Qc8 19.Rd1 Nb6 20.Qe2 Na4 21.Nxa4 Rxa4 22.Bxf6 Bxf6
23.Bc4 Rxa1 24.Rxa1 d5 25.Bd3 Qb7 26.Re1 d4 27.Nd2 g6 28.Rb1 Qc7 29.Nc4 Bg7
30.f3 h5 31.Qe1 Rb8 32.Rxb8+ Qxb8 33.Na5 Bd7 34.Nc4 Be6 35.g3 Bh6 36.Kg2 Qb5
37.Qe2 h4 38.g4 Bf4 39.Qf1 Kg7 40.Qe2 Qb4 41.Qf1 Kf6 42.h3 Ke7 43.Qe2 Qb1
44.Nd2 Qb4 45.Nf1 Kd6 46.Qd1 Bc4 47.Kf2 Kc5 48.Ke2 Qa3 49.Qb1 Qc1 50.Qxc1 Bxc1
51.Nd2 Bxd3+ 52.Kxd3 Bxd2 53.Kxd2 g5 54.c3 Kc4 55.cxd4 Kxd4 56.Ke2 Kc3 57.Ke3 Kc2
58.Ke2 f6 59.Ke3 Kd1 60.Kd3 Ke1 61.Ke3 Kf1  0-1

[Event "Berliner Sommer"]
[Site "Berlin"]
[Date "1997.??.??"]
[Round "5"]
[White "Aagaard, Jacob"]
[Black "Friedersdorff, Frank"]
[Result "1-0"]
[WhiteElo "2435"]
[BlackElo "2220"]

1.d4 d6 2.e4 Nf6 3.Nc3 e5 4.Nf3 exd4 5.Nxd4 Be7 6.h3 O-O 7.g4 d5 8.e5 Ne4
9.Nxe4 dxe4 10.Bf4 Bg5 11.Bg3 Bh4 12.Bxh4 Qxh4 13.Qe2 Qe7 14.O-O-O Qxe5 15.Bg2 c5
16.Nb3 Na6 17.Bxe4 Qf4+ 18.Kb1 Rb8 19.Bd3 Nb4 20.Nxc5 b6 21.Na6 Bxa6 22.Bxa6 Nxa6
23.Qxa6 Rbd8 24.Qe2 Rde8 25.Qa6 Rd8 26.Rxd8 Rxd8 27.Qxa7 Qxf2 28.a4 Rc8 29.Rc1 Qc5
30.Qd7 g6 31.Qd3 Re8 32.Rd1 Rc8 33.Rf1 Kg7 34.Rf4 Rc7 35.Qd4+ Qxd4 36.Rxd4 Rc6
37.b3 Kf6 38.Rf4+ Kg7 39.g5 Rc7 40.h4 h6 41.b4 Re7 42.Kb2 hxg5 43.hxg5 Re5
44.Rf6 Rxg5 45.Rxb6 Re5 46.a5 g5 47.a6 Re8 48.a7 Ra8 49.Ra6 g4 50.b5 g3 51.b6 g2
52.Ra1 Kf6 53.Rg1  1-0

[Event "Bethune op"]
[Site "Bethune"]
[Date "1997.??.??"]
[Round "4"]
[White "Safranska, Anda"]
[Black "Bauer, Christian"]
[Result "0-1"]
[WhiteElo "2270"]
[BlackElo "2525"]

1.e4 d6 2.d4 Nf6 3.Nc3 Nbd7 4.g3 e5 5.Bg2 Be7 6.Nge2 O-O 7.O-O c6 8.a4 Re8
9.h3 Qc7 10.Be3 b6 11.d5 Bb7 12.g4 h6 13.Ng3 a6 14.Nf5 Bf8 15.h4 cxd5 16.exd5 Rac8
17.g5 Nh7 18.Qh5 e4 19.g6 fxg6 20.Qxg6 Ne5 21.Qg3 Kh8 22.Bxe4 Nf6 23.Bg2 Qf7
24.Nd4 Nxd5 25.Nxd5 Bxd5 26.Rad1 Bxg2 27.Qxg2 d5 28.f4 Nc4 29.Bc1 Bc5 30.c3 Re4
31.b3 Nd6 32.Kh1 Bxd4 33.Rxd4 Rxd4 34.cxd4 Nf5 35.Ba3 Qh5 36.Rf2 Rc3  0-1

[Event "Biel op MTO"]
[Site "Biel"]
[Date "1997.??.??"]
[Round "5"]
[White "Jaracz, Pawel"]
[Black "Remling, Christian"]
[Result "1-0"]
[WhiteElo "2445"]
[BlackElo "2310"]

1.e4 d6 2.d4 Nf6 3.Nc3 e5 4.Nf3 Nbd7 5.Bc4 Be7 6.O-O O-O 7.Qe2 exd4 8.Nxd4 Ne5
9.Bb3 c5 10.Nf5 Bxf5 11.exf5 Qd7 12.Nd5 Rfe8 13.Rd1 Bd8 14.Ne3 Nc6 15.c3 Bc7
16.Qf3 Re5 17.g4 Rae8 18.g5 Ne4 19.h4 Kh8 20.Bd5 g6 21.f6 Nxg5 22.hxg5 Rxg5+
23.Ng2 Ne5 24.Qe4 Rh5 25.Bf4 Ng4 26.Qf3 Nxf6 27.Bxb7 d5 28.Bxc7 Rf5 29.Qg3 Ne4
30.Qh2 Rh5 31.Rxd5 Rxd5 32.Bxd5 Qxd5 33.Re1 Re7 34.Bf4 g5 35.Qh6 Kg8 36.Qh5 Qd3
37.Rd1 Qc2 38.Be3 Kg7 39.Bxc5  1-0

[Event "Biel op MTO"]
[Site "Biel"]
[Date "1997.??.??"]
[Round "7"]
[White "Cherniaev, Alexander"]
[Black "Remling, Christian"]
[Result "0-1"]
[WhiteElo "2480"]
[BlackElo "2310"]

1.e4 d6 2.d4 Nf6 3.Nc3 e5 4.Nf3 Nbd7 5.a4 Be7 6.a5 O-O 7.Bc4 c6 8.O-O h6
9.Re1 Rb8 10.d5 cxd5 11.exd5 Ne8 12.Nb5 a6 13.Na7 f5 14.Bf1 g5 15.b4 g4 16.Nd2 Bf6
17.Nb3 e4 18.Nd4 Be5 19.Ra3 Qh4 20.g3 Qf6 21.Ne6 Rf7 22.h3 Bc3 23.Bd2 Bxd2
24.Qxd2 Ne5 25.Nxc8 Rxc8 26.hxg4 Nf3+ 27.Rxf3 exf3 28.gxf5 Qxf5 29.c4 Qg4
30.Qxh6 Qxg3+ 31.Kh1 Qxf2 32.Qg6+ Rg7 33.Nxg7 Qh4+ 34.Kg1 f2+ 35.Kg2 fxe1=N+  0-1

[Event "Biel op MTO"]
[Site "Biel"]
[Date "1997.??.??"]
[Round "10"]
[White "Suetin, Alexey S"]
[Black "Remling, Christian"]
[Result "1-0"]
[WhiteElo "2410"]
[BlackElo "2310"]

1.e4 d6 2.d4 Nf6 3.Nc3 e5 4.Nf3 Nbd7 5.Bc4 Be7 6.O-O O-O 7.Re1 c6 8.a4 h6
9.Ba2 b6 10.h3 Bb7 11.dxe5 dxe5 12.Nh4 Bc8 13.Nf5 Kh7 14.Qf3 Ng8 15.Qg3 Bf6
16.Be3 g6 17.Nd6 Qe7 18.Rad1 Bh4 19.Qg4 Nc5 20.Nxc8 Raxc8 21.Bxc5 bxc5 22.g3 Bg5
23.Rd7 Qe8 24.Bxf7 Rxf7 25.Rxf7+  1-0

[Event "Bled op18th"]
[Site "Bled"]
[Date "1997.??.??"]
[Round "8"]
[White "Gheng, Josef"]
[Black "Bezold, Michael"]
[Result "0-1"]
[WhiteElo "2295"]
[BlackElo "2500"]

1.d4 d6 2.e4 Nf6 3.Nc3 c6 4.Nf3 Bg4 5.Be2 e6 6.O-O Be7 7.Be3 O-O 8.Nd2 Bxe2
9.Qxe2 d5 10.Rad1 Qb6 11.Nb3 Qa6 12.Qf3 dxe4 13.Nxe4 Nbd7 14.Bg5 Rfe8 15.Bxf6 Nxf6
16.Nbc5 Qxa2 17.Nxf6+ Bxf6 18.Nxb7 Qxb2 19.Nd6 Red8 20.Qxc6 Qb8 21.Nb7 Rxd4
22.c3 Rxd1 23.Rxd1 h6 24.Nd6 a5 25.Ne4 a4 26.Nxf6+ gxf6 27.h4 a3 28.Qe4 f5
29.Qb4 Qxb4 30.cxb4 Rb8 31.Ra1 Rxb4 32.Rxa3 Rxh4 33.g3 Rb4 34.Kg2 Kg7 35.f4 Rb2+
36.Kh3 Rf2 37.Rb3 Kg6 38.Rb8 Re2 39.Rg8+ Kh7 40.Ra8 Kg7 41.Ra7 h5 42.Ra1 Rf2
43.Ra4 Kg6 44.Ra3 h4 45.Rb3 hxg3 46.Kxg3 Re2 47.Ra3 Re4 48.Kf3 Kh5 49.Kg3 Kg6
50.Kf3 f6 51.Kg3 e5 52.Rf3 Re2 53.Rf1 Rd2 54.Rf3 e4 55.Rf1 Rd3+ 56.Kh4 Rf3
57.Rxf3 exf3 58.Kg3 Kh5 59.Kxf3 Kh4  0-1

[Event "Bled op18th"]
[Site "Bled"]
[Date "1997.??.??"]
[Round "8"]
[White "Ilijin, Neboisa"]
[Black "Priehoda, Vitezslav"]
[Result "0-1"]
[WhiteElo "2290"]
[BlackElo "2425"]

1.e4 d6 2.d4 Nf6 3.Nc3 c6 4.Nf3 Bg4 5.Be2 e6 6.O-O Be7 7.h3 Bh5 8.Re1 d5
9.Ne5 Bxe2 10.Qxe2 O-O 11.exd5 cxd5 12.Qb5 Qc8 13.Bg5 Nc6 14.Rad1 Re8 15.a3 a6
16.Qd3 Ne4 17.Bxe7 Nxe5 18.dxe5 Nxc3 19.bxc3 Rxe7 20.Qg3 Rc7 21.Re3 Rc4 22.h4 Qf8
23.Rb1 b5 24.Rb4 Rac8 25.h5 h6 26.Kh2 Qc5 27.Rb3 a5 28.Rd3 a4 29.Rb4 Rxb4
30.cxb4 Qxc2 31.f4 Qb1 32.Rc3 Rc4 33.Rxc4 dxc4 34.Qf3 Qd3 35.Qc6 c3 36.Qe8+ Kh7
37.Qxf7 Qf5 38.Qc7 Qxf4+ 39.Kh3 Qc4 40.Qf7 Qd3+ 41.Kh2 c2 42.Qf4 Qf5  0-1

[Event "Clarin GP1 Boca Juniors"]
[Site "Boca"]
[Date "1997.??.??"]
[Round "3"]
[White "Fiorito, Fabian"]
[Black "Scarella, Enrique"]
[Result "1-0"]
[WhiteElo "2470"]
[BlackElo "2375"]

1.e4 d6 2.d4 Nf6 3.Nc3 e5 4.Nf3 Nbd7 5.Bc4 Be7 6.O-O O-O 7.Re1 c6 8.a4 Qc7
9.Qe2 Nb6 10.Bb3 Bg4 11.dxe5 dxe5 12.h3 Bh5 13.Qe3 Nbd7 14.Nh4 Nc5 15.Ba2 Ne6
16.Nf5 Bc5 17.Qg3 Bg6 18.Qh4 Nh5 19.Be3 Nd4 20.a5 Nf4 21.Qg4 Nfe6 22.h4 h5
23.Qg3 Kh7 24.Na4 Bxf5 25.Nxc5 Nxc5 26.Bxd4 Nxe4 27.Rxe4 f6 28.Re2 Qxa5  1-0

[Event "Doprastav op"]
[Site "Bratislava"]
[Date "1997.??.??"]
[Round "3"]
[White "Dudas, Jan"]
[Black "Deak, Gabriel"]
[Result "1/2-1/2"]
[WhiteElo "2315"]
[BlackElo "1950"]

1.e4 d6 2.d4 Nf6 3.Nc3 c6 4.f4 Qa5 5.Bd3 e5 6.Nf3 Bg4 7.dxe5 dxe5 8.fxe5 Nfd7
9.Bf4 Nxe5 10.Bxe5 Bxf3 11.Qxf3 Qxe5 12.Bc4 Qf6 13.Qg4 Nd7 14.Rf1 Ne5 15.Rxf6 Nxg4
16.Bxf7+ Ke7 17.Rf4 Ne3 18.Kd2 Nxg2 19.Rf2 g5 20.Raf1 Rd8+ 21.Nd5+ cxd5 22.Rxg2 dxe4+  1/2-1/2

[Event "Budapest FS04 IM"]
[Site "Budapest"]
[Date "1997.??.??"]
[Round "1"]
[White "Mas, Hafizulhelmi"]
[Black "De Santis, Alessio"]
[Result "1-0"]
[WhiteElo "2315"]
[BlackElo "2255"]

1.e4 d6 2.d4 Nf6 3.Nc3 c6 4.f3 Qb6 5.Bc4 Nbd7 6.Bb3 e6 7.Be3 a5 8.Qd2 Qa6
9.a4 Be7 10.Nge2 O-O 11.g4 Nb6 12.Nd1 Nc4 13.Qd3 Nxe3 14.Qxe3 Qb6 15.Ng3 c5
16.dxc5 Qb4+ 17.Nc3 d5 18.Qd2 d4 19.Nb5 Qxc5 20.Qxd4 Qg5 21.Qd2 Qe5 22.O-O-O Nxg4
23.f4 Qc5 24.Rhg1 Nf2 25.Rdf1 Nh3 26.Rg2 Rd8 27.Qe2 Ra6 28.e5  1-0

[Event "Budapest FS03 IM-A"]
[Site "Budapest"]
[Date "1997.??.??"]
[Round "1"]
[White "Horvath, Adam"]
[Black "Zemerov, Vladimir"]
[Result "1-0"]
[WhiteElo "2275"]
[BlackElo "2385"]

1.e4 d6 2.d4 Nf6 3.Nc3 e5 4.Nf3 Nbd7 5.Bc4 Be7 6.O-O O-O 7.Re1 c6 8.a4 b6
9.d5 Bb7 10.dxc6 Bxc6 11.Bg5 a6 12.b3 Qc7 13.Qe2 Qb7 14.Rad1 Rfc8 15.h3 h6
16.Bxf6 Nxf6 17.Nh4 Bd7 18.Nd5 Be6 19.Bxa6 Rxa6 20.Nxe7+ Qxe7 21.Qxa6 Rxc2
22.Nf5 Bxf5 23.exf5 Qc7 24.a5 bxa5 25.Qxd6 Qxd6 26.Rxd6 e4 27.Ra1 h5 28.Rxa5 h4
29.Re5 Rc1+ 30.Kh2 Rc2 31.b4 Rxf2 32.b5 Rb2 33.b6  1-0